000 00382nam a2200145 i 4500
001 92532
003 ES-MaACL
007 t|
008 050310s1912 gw ||||1| ger d
100 1 _aLipps, Theodor.
_972509
245 1 0 _aGrundzüge der logik /
_cvon Theodor Lipps.
260 _aLeipzig :
_bLeopold Voss,
_c1912.
300 _aVI, 233 p. ;
_c23 cm.
852 _aES-MaACL
_jG-2614
999 _c92532
_d92532